000
00300nam a2200133Ia 4500
005
20251222140034.0
008
251222s1900||||xx |||||||||||||| ||spa||
020
_a
84-7490-618-0
082
_a
121.35/P48
100
_a
Petrosino, Silvano
245
0
_a
El Asombro
264
_b
Encuentro
942
_c
LIB
999
_c
3067
_d
3067